| Tag |
First Indicator |
Second Indicator |
Subfields |
| LEADER |
00000cam a2200000 4500 |
| 001 |
in00000215921 |
| 005 |
20151009060718.0 |
| 008 |
720216s1964 nyua b 00010 eng |
| 010 |
|
|
|a 64018541
|
| 035 |
|
|
|a (OCoLC)00243668
|
| 035 |
|
|
|9 AAX4320AM
|
| 040 |
|
|
|c WSU
|d TXA
|d UtOrBLW
|
| 049 |
|
|
|a TXAM
|c [519906]
|
| 050 |
|
0 |
|a HF5549
|b .M314
|
| 082 |
0 |
|
|a 658.311
|
| 100 |
1 |
|
|a Mandell, Milton Michael,
|d 1911-
|
| 245 |
1 |
4 |
|a The selection process: choosing the right man for the job /
|c by Milton M. Mandell.
|
| 264 |
|
1 |
|a New York :
|b American Management Association,
|c [1964]
|
| 300 |
|
|
|a 512 pages :
|b illustrations ;
|c 24 cm.
|
| 336 |
|
|
|a text
|b txt
|2 rdacontent
|
| 337 |
|
|
|a unmediated
|b n
|2 rdamedia
|
| 338 |
|
|
|a volume
|b nc
|2 rdacarrier
|
| 504 |
|
|
|a Bibliographical references included in "Notes" (pages 488-504).
|
| 650 |
|
0 |
|a Personnel management.
|
| 650 |
|
0 |
|a Employees
|x Recruiting.
|
| 740 |
0 |
|
|a Choosing the right man for the job.
|
| 999 |
|
|
|a MARS
|
| 999 |
f |
f |
|s e3f26f41-8f6b-3e82-8a50-c166350de904
|i acedd924-740c-3ab7-9ca4-8960f66eb027
|t 0
|
| 952 |
f |
f |
|p ric
|a Texas A&M University
|b Rellis Campus
|c Joint Library Facility
|d Remote Storage
|t 0
|e HF5549 .M314
|h Library of Congress classification
|i unmediated -- volume
|m A14802819525
|
| 998 |
f |
f |
|a HF5549 .M314
|t 0
|l Remote Storage
|